<?xml version="1.0" encoding="UTF-8"?><?xml-stylesheet type="text/xsl" href="static/style.xsl"?><OAI-PMH xmlns="http://www.openarchives.org/OAI/2.0/" xmlns:xsi="http://www.w3.org/2001/XMLSchema-instance" xsi:schemaLocation="http://www.openarchives.org/OAI/2.0/ http://www.openarchives.org/OAI/2.0/OAI-PMH.xsd"><responseDate>2026-04-17T11:32:16Z</responseDate><request verb="GetRecord" identifier="oai:riubu.ubu.es:10259/4757" metadataPrefix="marc">https://riubu.ubu.es/oai/request</request><GetRecord><record><header><identifier>oai:riubu.ubu.es:10259/4757</identifier><datestamp>2022-04-29T12:02:45Z</datestamp><setSpec>com_10259_4219</setSpec><setSpec>com_10259_5086</setSpec><setSpec>com_10259_2604</setSpec><setSpec>col_10259_4220</setSpec></header><metadata><record xmlns="http://www.loc.gov/MARC21/slim" xmlns:doc="http://www.lyncode.com/xoai" xmlns:xsi="http://www.w3.org/2001/XMLSchema-instance" xmlns:dcterms="http://purl.org/dc/terms/" xsi:schemaLocation="http://www.loc.gov/MARC21/slim http://www.loc.gov/standards/marcxml/schema/MARC21slim.xsd">
<leader>00925njm 22002777a 4500</leader>
<datafield tag="042" ind1=" " ind2=" ">
<subfield code="a">dc</subfield>
</datafield>
<datafield tag="720" ind1=" " ind2=" ">
<subfield code="a">Gunn, Iain A.D. .</subfield>
<subfield code="e">author</subfield>
</datafield>
<datafield tag="720" ind1=" " ind2=" ">
<subfield code="a">Arnaiz González, Álvar</subfield>
<subfield code="e">author</subfield>
</datafield>
<datafield tag="720" ind1=" " ind2=" ">
<subfield code="a">Kuncheva, Ludmila I. .</subfield>
<subfield code="e">author</subfield>
</datafield>
<datafield tag="260" ind1=" " ind2=" ">
<subfield code="c">2018-04</subfield>
</datafield>
<datafield tag="520" ind1=" " ind2=" ">
<subfield code="a">Large numbers of data streams are today generated in many fields. A key challenge when learning from such streams is the problem of concept drift. Many methods, including many prototype methods, have been proposed in recent years to address this problem. This paper presents a refined taxonomy of instance selection and generation methods for the classification of data streams subject to concept drift. The taxonomy allows discrimination among a large number of methods which pre-existing taxonomies for offline instance selection methods did not distinguish. This makes possible a valuable new perspective on experimental results, and provides a framework for discussion of the concepts behind different algorithm-design approaches. We review a selection of modern algorithms for the purpose of illustrating the distinctions made by the taxonomy. We present the results of a numerical experiment which examined the performance of a number of representative methods on both synthetic and real-world data sets with and without concept drift, and discuss the implications for the directions of future research in light of the taxonomy. On the basis of the experimental results, we are able to give recommendations for the experimental evaluation of algorithms which may be proposed in the future.</subfield>
</datafield>
<datafield tag="024" ind2=" " ind1="8">
<subfield code="a">0925-2312</subfield>
</datafield>
<datafield tag="024" ind2=" " ind1="8">
<subfield code="a">http://hdl.handle.net/10259/4757</subfield>
</datafield>
<datafield tag="024" ind2=" " ind1="8">
<subfield code="a">10.1016/j.neucom.2018.01.062</subfield>
</datafield>
<datafield ind1=" " ind2=" " tag="653">
<subfield code="a">Machine learning</subfield>
</datafield>
<datafield ind1=" " ind2=" " tag="653">
<subfield code="a">Stream classification</subfield>
</datafield>
<datafield ind1=" " ind2=" " tag="653">
<subfield code="a">Instance selection</subfield>
</datafield>
<datafield ind1=" " ind2=" " tag="653">
<subfield code="a">Prototype generation</subfield>
</datafield>
<datafield ind1=" " ind2=" " tag="653">
<subfield code="a">Concept drift</subfield>
</datafield>
<datafield tag="245" ind1="0" ind2="0">
<subfield code="a">A taxonomic look at instance-based stream classifiers</subfield>
</datafield>
</record></metadata></record></GetRecord></OAI-PMH>